Elite media amidst mass culture : a critical look at mass communication in Korea /

Saved in:
书目详细资料
其他作者: Yi, Chae-wŏn., Kim, Chi-un, 1929-
格式: 图书
语言:English
出版: Seoul, Korea : NANAM Publishing House, 1994.
主题:
标签: 添加标签
没有标签, 成为第一个标记此记录!
LEADER 00916cam a2200289 a 4500
001 007767612-2
005 20020606104010.5
008 950308s1994 ko b 000 0 eng d
010 |a  97134000  
020 |z 893006017X 
035 0 |a ocm32108500 
040 |a OU  |c DLC  |d HLS 
042 |a lccopycat 
043 |a a-ko--- 
050 0 4 |a P92.K6  |b E45 1994 
082 0 0 |a 302.23/095195  |2 21 
245 0 0 |a Elite media amidst mass culture :  |b a critical look at mass communication in Korea /  |c edited by Chie-woon Kim and Jae-won Lee. 
246 3 0 |a Critical look at mass communication in Korea 
260 |a Seoul, Korea :  |b NANAM Publishing House,  |c 1994. 
300 |a 331 p. ;  |c 23 cm. 
504 |a Includes bibliographical references. 
650 0 |a Mass media  |z Korea (South) 
650 0 |a Popular culture  |z Korea (South) 
700 1 |a Yi, Chae-wŏn. 
700 1 |a Kim, Chi-un,  |d 1929- 
988 |a 20020608 
906 |0 OCLC